[Event "Budel zt"]
[Site "Budel"]
[Date "1987.??.??"]
[Round "?"]
[White "Van der Sterren, Paul"]
[Black "Winants, Luc"]
[Result "0-1"]
[WhiteElo "2520"]
[BlackElo "2415"]

1.d4 Nf6 2.c4 e6 3.Nf3 c5 4.d5 exd5 5.cxd5 d6 6.Nc3 g6 7.Bf4 Bg7 8.Qa4+ Bd7
9.Qb3 b5 10.Bxd6 Qb6 11.Be5 O-O 12.e3 c4 13.Qd1 Na6 14.a3 Nc5 15.Qd4 Bf5
16.Rd1 Bc2 17.Rd2 Bf5 18.g4 Be4 19.Nxe4 Ncxe4 20.Qxb6 axb6 21.Rc2 Nxg4 22.Bxg7 Kxg7
23.Nd4 Nd6 24.Nc6 Rfe8 25.Be2 Ne5 26.Nxe5 Rxe5 27.Bf3 f5 28.O-O Rf8 29.Rd1 f4
30.exf4 Rxf4 31.Bg2 Kf6 32.h3 Ke7 33.Rdd2 Kd7 34.Rc3 Nf5 35.Rf3 Rxf3 36.Bxf3 Kd6
37.Kf1 Ne7 38.Rd4 Nxd5 39.Rh4 h5 40.Bd1 Nf6 41.Rf4 Nd5 42.Rf8 b4 43.axb4 Nxb4
44.Be2 b5 45.h4 Ke7 46.Rb8 Nd3 47.Rb7+ Kd6 48.Rg7 Re6 49.b3 Nc1 50.bxc4 Nxe2
51.cxb5 Kc5 52.Kg2 Nd4  0-1

[Event "Budel zt"]
[Site "Budel"]
[Date "1987.??.??"]
[Round "?"]
[White "Wians, Camille"]
[Black "Renet, Olivier"]
[Result "0-1"]
[WhiteElo "2200"]
[BlackElo "2455"]

1.d4 Nf6 2.c4 e6 3.Nf3 c5 4.d5 exd5 5.cxd5 d6 6.Nc3 g6 7.Bf4 a6 8.e4 b5 9.Qe2 Be7
10.g3 O-O 11.Bg2 Re8 12.O-O Bf8 13.Bg5 Nbd7 14.Rfe1 h6 15.Bxf6 Qxf6 16.Qc2 Bg7
17.a4 b4 18.Nd1 a5 19.Rb1 Ba6 20.Ne3 b3 21.Qd2 Rxe4 22.Qxa5 Rb4 23.Bf1 Qxf3
24.Bxa6 Nb6 25.Rec1 h5 26.Rc3 h4  0-1

[Event "Budel zt"]
[Site "Budel"]
[Date "1987.??.??"]
[Round "?"]
[White "Ligterink, Gert"]
[Black "Wians, Camille"]
[Result "1-0"]
[WhiteElo "2470"]
[BlackElo "2200"]

1.d4 Nf6 2.c4 e6 3.Nf3 c5 4.d5 exd5 5.cxd5 d6 6.Nc3 g6 7.g3 Bg7 8.Bg2 O-O
9.O-O a6 10.a4 Nbd7 11.e4 Re8 12.Re1 Qc7 13.h3 b6 14.Bf4 Nh5 15.Be3 Ne5 16.Nxe5 Bxe5
17.Qd2 Rb8 18.g4 Nf6 19.f4 Bxc3 20.Qxc3 Nxe4 21.Bxe4 Rxe4 22.f5 Re5 23.Bd4 f6
24.Bxe5 dxe5 25.fxg6 hxg6 26.g5 Bf5 27.Qg3 Qd6 28.gxf6 Re8 29.Rad1 b5 30.axb5 axb5
31.Rf1 Qxf6 32.d6 Rd8 33.Rd5 Kf7 34.Qxe5 Qxe5 35.Rxe5 Rxd6 36.Rxc5 b4 37.Rc4 b3
38.Rc3 Kf6 39.Rxb3 Kg5 40.Rf2 Rd1+ 41.Kh2 Re1 42.Rc3 Be4 43.Rg3+ Kh4 44.Rg4+ Kh5
45.Rg1 Re3 46.Rc1 Kh4 47.Rf4+ Kh5 48.Rcf1 Re2+ 49.R1f2 Re1 50.Rf8 Kg5 51.Rd2 Re3
52.Rh8 Bf5 53.Rf2 Rd3 54.Rh7 Re3 55.h4+ Kg4 56.h5 g5 57.Rg2+ Kh4 58.Rg7 g4
59.h6 Rh3+ 60.Kg1  1-0

[Event "Budel zt"]
[Site "Budel"]
[Date "1987.??.??"]
[Round "?"]
[White "Haik, Aldo"]
[Black "Wians, Camille"]
[Result "0-1"]
[WhiteElo "2470"]
[BlackElo "2200"]

1.d4 Nf6 2.c4 e6 3.Nf3 c5 4.d5 exd5 5.cxd5 d6 6.Nc3 g6 7.e4 Bg7 8.Be2 O-O
9.Bf4 a6 10.a4 Qe7 11.Nd2 Nbd7 12.O-O Ne5 13.Qc2 Nfd7 14.Bg3 g5 15.a5 Rb8
16.Ra2 Ng6 17.Rb1 Nf4 18.Bf1 Ne5 19.b4 cxb4 20.Rxb4 Bg4 21.Nc4 Rfc8 22.Na4 Nxc4
23.Rxc4 Rxc4 24.Bxc4 Rc8 25.Nb6 Ne2+ 26.Kf1 Nxg3+ 27.hxg3 Re8 28.f3 Bh5 29.g4 Bg6
30.Bb3 h5 31.gxh5 Bxh5 32.Ba4 Rd8 33.g4 Bg6 34.Kg2 Be5 35.Nc4 Rc8 36.Qd3 Bf4
37.Rc2 Qf6 38.Qd1 Qh8 39.Qh1 Qd4 40.Qf1 Qh8 41.Qg1 Rc5 42.Bb3 Qh4 43.Rc3 Rxc4
44.Bxc4 Be5 45.Rd3 Kg7 46.Kf1 Qh8 47.Ke2 Qc8 48.Bb3 Qc7 49.Qb6 Qc1 50.Bd1 Bg3
51.Qb4 Kh7 52.Qd2 Qc5 53.Qe3 Qxa5 54.Qxg5 Qe1+  0-1

[Event "Buenos Aires BCA"]
[Site "Buenos Aires"]
[Date "1987.??.??"]
[Round "8"]
[White "Schwanek, Carlos"]
[Black "Emma, Jaime"]
[Result "1-0"]
[WhiteElo "2300"]
[BlackElo "2415"]

1.d4 Nf6 2.c4 e6 3.Nf3 c5 4.d5 exd5 5.cxd5 d6 6.Nc3 g6 7.Nd2 Bg7 8.e4 O-O
9.Be2 Na6 10.O-O Nc7 11.a4 b6 12.Nc4 Ba6 13.Bf4 Bxc4 14.Bxc4 a6 15.Qd3 Ng4
16.Qg3 Ne5 17.Be2 Rb8 18.Bg5 f6 19.Bd2 f5 20.f4 Nf7 21.exf5 gxf5 22.Bd3 Qf6
23.Kh1 Nh6 24.h3 Kh8 25.Qf3 Rbe8 26.Rae1 Qd4 27.Bc1 c4 28.Bc2 b5 29.axb5 axb5
30.Be3 Qf6 31.Bb6 Qf7 32.Bxc7 Qxc7 33.Re6 b4 34.Nd1 b3 35.Bb1 Rxe6 36.dxe6 Ng8
37.Nc3 Ne7 38.Rd1 Bf6 39.g4 fxg4 40.hxg4 Qc6 41.Be4 d5 42.Bxd5 Nxd5 43.Qxd5 Qxd5+
44.Rxd5 Kg7 45.Rd7+ Kg6 46.f5+ Kh6 47.Ne4 Bxb2 48.g5+ Kh5 49.e7 Re8 50.f6 Kg6
51.Rd8  1-0

[Event "Cannes"]
[Site "Cannes"]
[Date "1987.??.??"]
[Round "?"]
[White "Miralles, Gilles"]
[Black "Renet, Olivier"]
[Result "1-0"]
[WhiteElo "2450"]
[BlackElo "2455"]

1.d4 Nf6 2.c4 e6 3.Nf3 c5 4.d5 exd5 5.cxd5 d6 6.Nc3 g6 7.Bf4 a6 8.a4 Bg7
9.e4 O-O 10.Nd2 Qe7 11.Be2 Nbd7 12.O-O Ne5 13.h3 Nfd7 14.Bh2 g5 15.Qc2 Re8
16.Rae1 Nf8 17.Nd1 Nfg6 18.Ne3 Nf4 19.Bxf4 gxf4 20.Nf5 Qf6 21.g3 Bh6 22.g4 Bd7
23.Kg2 Kh8 24.a5 Rg8 25.Rg1 Rab8 26.Ra1 Rbe8 27.Ra3 Bxf5 28.exf5 Nc6 29.dxc6 Rxe2
30.Ne4 Rxc2 31.Nxf6 Rd8 32.c7 Rc8 33.Re1 Kg7 34.Re8 f3+ 35.Rxf3  1-0

[Event "Debrecen"]
[Site "Debrecen"]
[Date "1987.??.??"]
[Round "2"]
[White "Pribyl, Josef"]
[Black "Deak, Sandor"]
[Result "1/2-1/2"]
[WhiteElo "2455"]
[BlackElo "2330"]

1.d4 Nf6 2.Nf3 c5 3.d5 e6 4.c4 exd5 5.cxd5 d6 6.Nc3 g6 7.g3 Bg7 8.Bg2 O-O
9.O-O Re8 10.Nd2 a6 11.a4 Nbd7 12.Nc4 Ne5 13.Na3 Bd7 14.h3 b5 15.f4 Nc4 16.Nxc4 bxc4
17.e4 Rb8 18.Re1 Nh5 19.g4 Bd4+ 20.Kh2 Qh4 21.gxh5 Rxb2 22.Bxb2 Qxf4+ 23.Kh1 Be5
24.Kg1 Bd4+ 25.Kh1 Be5 26.Kg1 Bd4+ 27.Kh1 Be5  1/2-1/2

[Event "HUN-ch op"]
[Site "Eger"]
[Date "1987.??.??"]
[Round "?"]
[White "Orso, Miklos"]
[Black "Gochev, Mladen"]
[Result "0-1"]
[WhiteElo "2360"]
[BlackElo "2245"]

1.d4 Nf6 2.Nf3 c5 3.d5 e6 4.c4 exd5 5.cxd5 d6 6.Nc3 g6 7.e4 a6 8.a4 Qe7 9.Nd2 Bg7
10.Be2 O-O 11.O-O Nbd7 12.Ra3 Rb8 13.Re1 Ne8 14.a5 Nc7 15.Rb3 b5 16.axb6 Rxb6
17.Nc4 Rxb3 18.Qxb3 Ne5 19.Na5 g5 20.Bd2 f5 21.exf5 Bxf5 22.Nc6 Qf7 23.Qb6 Bd3
24.f3 Bxe2 25.Nxe5 Bxe5 26.Nxe2 Nxd5 27.Qxa6 g4 28.Rf1 Qe6 29.Qb7 gxf3 30.Rxf3 Rxf3
31.gxf3 Bxh2+ 32.Kf2 Be5 33.b4 cxb4 34.Bxb4 Bf6 35.Qb8+ Kg7 36.Qxd6 Qe3+
37.Ke1 Bh4+ 38.Kd1 Qb3+ 39.Kc1 Nxb4 40.Qd7+ Kf8 41.Qxh7 Nd3+ 42.Kd2 Be1+
43.Ke3 Nc1+ 44.Kd4 Nxe2+  0-1

[Event "HUN-ch op"]
[Site "Eger"]
[Date "1987.??.??"]
[Round "?"]
[White "Kiss, Pal"]
[Black "Titz, Heimo"]
[Result "1-0"]
[WhiteElo "2275"]
[BlackElo "2290"]

1.d4 Nf6 2.Nf3 e6 3.c4 c5 4.d5 exd5 5.cxd5 d6 6.Nc3 g6 7.Bg5 Bg7 8.e3 O-O
9.Nd2 h6 10.Bh4 Nbd7 11.Be2 a6 12.a4 Re8 13.O-O Rb8 14.Bg3 Ne5 15.h3 g5 16.a5 Bf5
17.Bxe5 Rxe5 18.Nc4 Re8 19.Ra3 Ne4 20.Nxe4 Bxe4 21.Rb3 Qe7 22.Rb6 Rbd8 23.f3 Bg6
24.Bd3 Rd7 25.Qc2 Bxd3 26.Qxd3 Red8 27.Qf5 Qf6 28.Qxf6 Bxf6 29.Ra1 Be7 30.Ra3 Ra8
31.Rab3 Ra7 32.e4 Kg7 33.Kf2 Kh7 34.h4 gxh4 35.Ke3 Kg7 36.Kf4 Bd8 37.Kf5 Be7
38.f4 Kf8 39.e5 dxe5 40.d6 exf4 41.dxe7+ Kxe7 42.Rxh6  1-0

[Event "HUN-ch op"]
[Site "Eger"]
[Date "1987.??.??"]
[Round "?"]
[White "Michaelsen, Nils"]
[Black "Palkovi, Jozsef"]
[Result "0-1"]
[WhiteElo "2205"]
[BlackElo "2350"]

1.d4 Nf6 2.c4 e6 3.Nf3 c5 4.d5 exd5 5.cxd5 d6 6.Nc3 g6 7.Nd2 Bg7 8.Nc4 O-O
9.Bg5 Qe7 10.Qd2 Nbd7 11.Qf4 Ne5 12.Ne4 Bf5 13.Ncxd6 Bxe4 14.Nxe4 Ned7 15.Nxf6+ Bxf6
16.Bxf6 Nxf6 17.O-O-O Rfd8 18.e4 Nxe4 19.Re1 f5 20.g4 Qh4 21.Rg1 c4 22.d6 Rac8
23.Qe5 c3 24.b3 Nxd6 25.Qe6+ Kg7 26.gxf5 Qf4+ 27.Qe3 Qxe3+ 28.Rxe3 Nxf5 29.Re5 Kf6
30.Rb5 Rd2 31.a4 Ra2 32.Rb4 Rxf2 33.Rxb7 Ne3 34.Bh3 Rd8 35.Rc7 Rc2+ 36.Kb1 Rb2+
37.Kc1 Rxb3 38.Re1 c2  0-1

[Event "HUN-ch op"]
[Site "Eger"]
[Date "1987.??.??"]
[Round "?"]
[White "Kiss, Pal"]
[Black "Perenyi, Bela"]
[Result "1/2-1/2"]
[WhiteElo "2275"]
[BlackElo "2360"]

1.d4 Nf6 2.c4 c5 3.d5 e6 4.Nc3 exd5 5.cxd5 d6 6.Nf3 g6 7.Nd2 Bg7 8.e4 O-O
9.Be2 Na6 10.O-O Rb8 11.a4 Nb4 12.Nc4 Ne8 13.f4 Bd4+ 14.Be3 f5 15.Bxd4 cxd4
16.Qxd4 fxe4 17.Ne3 a5 18.Nxe4 Ng7 19.Rac1 Bf5 20.Ng3 Bd7 21.b3 Na6 22.Rc3 Nc5
23.Bg4 b5 24.axb5 Rxb5 25.Bd1 Rb4 26.Nc4 Bb5 27.f5 Qf6 28.Qxf6 Rxf6 29.fxg6 Rxf1+
30.Nxf1 Bxc4 31.gxh7+ Kxh7 32.Rxc4 Rxc4 33.bxc4 a4 34.Ne3 a3 35.Nc2 a2 36.Na1 Kg6
37.Kf2 Kf5 38.Ke3 Ke5 39.g4 Ne8 40.Bc2 Nf6 41.h3 Nfd7 42.Bd1 Kf6 43.h4 Ne5
44.Be2 Kg6 45.Kd4 Kf6 46.Ke3 Kg6 47.Kd4 Kf6 48.Ke3 Kg6  1/2-1/2

[Event "HUN-ch op"]
[Site "Eger"]
[Date "1987.??.??"]
[Round "?"]
[White "Szabolcsi, Janos"]
[Black "Gochev, Mladen"]
[Result "1-0"]
[WhiteElo "2390"]
[BlackElo "2255"]

1.d4 Nf6 2.Nf3 c5 3.d5 e6 4.c4 exd5 5.cxd5 d6 6.Nc3 g6 7.Bg5 h6 8.Bh4 g5
9.Bg3 Nh5 10.e3 a6 11.a4 Bf5 12.Bd3 Bxd3 13.Qxd3 Nxg3 14.hxg3 Bg7 15.Qf5 Qd7
16.Ne4 Ke7 17.g4 Qxf5 18.gxf5 Nd7 19.a5 b5 20.axb6 Nxb6 21.Ke2 Bxb2 22.Rab1 Na4
23.Nfd2 Rab8 24.Nc4 Rb4 25.Kd3 Bg7 26.Ncxd6 Nb2+ 27.Kc2 Be5 28.f6+ Kf8 29.f4 gxf4
30.exf4 Bxd6 31.Nxd6 Rg8 32.Rhg1 Na4 33.g4 Rg6 34.g5 hxg5 35.fxg5 a5 36.Rge1  1-0

[Event "BUL-ch"]
[Site "Elenite"]
[Date "1987.??.??"]
[Round "5"]
[White "Zlatilov, Ivailo"]
[Black "Lukov, Valentin"]
[Result "0-1"]
[WhiteElo "2385"]
[BlackElo "2425"]

1.d4 Nf6 2.Nf3 c5 3.d5 e6 4.c4 exd5 5.cxd5 d6 6.Nc3 a6 7.e4 b5 8.Bd3 g6 9.Qe2 Ra7
10.O-O Bg7 11.e5 Ng4 12.Bg5 Re7 13.Bxe7 Qxe7 14.exd6 Qxe2 15.Bxe2 O-O 16.h3 Nf6
17.Rad1 Bb7 18.Ng5 Nbd7 19.Bf3 h6 20.Nge4 Ne8 21.Rfe1 Kh7 22.Nd2 Nxd6 23.Re7 Bc8
24.Nce4 Nf5 25.Rxd7 Bxd7 26.Nxc5 Rd8 27.Nxd7 Rxd7 28.b3 Nd4 29.Ne4 a5 30.Ng3 a4
31.Ne2 axb3 32.axb3 Nxb3 33.Rb1 Nd2 34.Rxb5 Ra7 35.Rc5 Bb2 36.Ng3 Ra1+ 37.Kh2 Be5
38.Be2 Ne4 39.Rc2 Nxf2 40.Bf1 Rxf1  0-1

[Event "Frunze"]
[Site "Frunze"]
[Date "1987.??.??"]
[Round "?"]
[White "Karolyi, Tibor Jr"]
[Black "Vaisser, Anatoli"]
[Result "0-1"]
[WhiteElo "2435"]
[BlackElo "2490"]

1.d4 Nf6 2.c4 e6 3.Nf3 c5 4.d5 exd5 5.cxd5 d6 6.Nc3 g6 7.Nd2 Nbd7 8.e4 Bg7
9.Be2 O-O 10.O-O Re8 11.a4 g5 12.Re1 Ne5 13.Nf1 h6 14.Qc2 Ng6 15.Ng3 Nf4
16.Bd2 a6 17.a5 h5 18.Bf3 Bh6 19.Bxf4 gxf4 20.Nxh5 Ng4 21.Ne2 Ne5 22.Qc3 Qh4
23.Rad1 Bg4 24.Bxg4 Nxg4 25.Nexf4 Qxf2+ 26.Kh1 Qh4 27.Kg1 Qxh2+ 28.Kf1 Qh4
29.Kg1 Re5  0-1

[Event "Gausdal Troll Masters"]
[Site "Gausdal"]
[Date "1987.??.??"]
[Round "?"]
[White "Welin, Thomas"]
[Black "Mascarenhas, Alberto"]
[Result "1-0"]
[WhiteElo "2400"]
[BlackElo "2290"]

1.d4 Nf6 2.Nf3 e6 3.c4 c5 4.d5 exd5 5.cxd5 d6 6.Nc3 g6 7.Bf4 Bg7 8.Qa4+ Bd7
9.Qb3 Qc7 10.e4 O-O 11.Nd2 Nh5 12.Be3 f5 13.exf5 gxf5 14.Be2 Nf6 15.Bf4 Na6
16.Nc4 Ne8 17.O-O Rb8 18.a4 Nb4 19.Nb5 Bxb5 20.axb5 a6 21.b6 Qd7 22.Rfe1 Rd8
23.Bf3 Bf6 24.Re6 Ng7 25.Rxd6 Qf7 26.Rd1 Rfe8  1-0

[Event "Gausdal Int"]
[Site "Gausdal"]
[Date "1987.??.??"]
[Round "?"]
[White "Hertneck, Gerald"]
[Black "Ernst, Thomas"]
[Result "1-0"]
[WhiteElo "2450"]
[BlackElo "2455"]

1.d4 Nf6 2.Nf3 e6 3.c4 c5 4.d5 exd5 5.cxd5 d6 6.Nc3 g6 7.Bf4 a6 8.a4 Qe7
9.g3 Bg7 10.Bg2 O-O 11.O-O Nbd7 12.e4 Ng4 13.Nd2 Nge5 14.Be3 f5 15.exf5 gxf5
16.Qc2 Nf6 17.Rfe1 Qd8 18.h3 Rb8 19.f4 Ng6 20.Nf3 h6 21.Rab1 Ne7 22.Bf2 b5
23.axb5 axb5 24.b4 Nfxd5 25.Nxd5 Nxd5 26.bxc5 Nc3 27.Rb3 Ne4 28.c6 Qc7 29.Nd4 Nxf2
30.Qxf2 b4 31.Ne6 Bxe6 32.Rxe6 Rf6 33.Rxf6 Bxf6 34.Kh2 Bc3 35.Bd5+ Kg7 36.Qe3 Ra8
37.h4 Qa7 38.Rxc3 bxc3 39.Qxc3+ Kh7 40.Qf6 Qf2+ 41.Kh3 Qf1+ 42.Bg2 Qd3 43.c7 Rc8
44.Qe7+ Kh8 45.Qd8+  1-0

[Event "Arnold Cup"]
[Site "Gausdal"]
[Date "1987.??.??"]
[Round "?"]
[White "Lukacs, Peter"]
[Black "Wedberg, Tom"]
[Result "1/2-1/2"]
[WhiteElo "2500"]
[BlackElo "2480"]

1.d4 Nf6 2.c4 e6 3.Nf3 c5 4.d5 exd5 5.cxd5 d6 6.Nc3 g6 7.Nd2 Nbd7 8.e4 Bg7
9.Be2 O-O 10.O-O Re8 11.a4 Ne5 12.Ndb1 Nfg4 13.h3 Nh6 14.f4 Nd7 15.g4 f5
16.exf5 gxf5 17.g5 Nf7 18.h4 h6 19.Kg2 Nf8 20.Bd3 a6 21.Rh1 Ng6 22.a5 b5
23.axb6 Qxb6 24.Qa4 Qd8 25.Qc2  1/2-1/2

[Event "Gausdal Int"]
[Site "Gausdal"]
[Date "1987.??.??"]
[Round "?"]
[White "Hansen, Lars Bo"]
[Black "Tisdall, Jonathan D"]
[Result "0-1"]
[WhiteElo "2355"]
[BlackElo "2450"]

1.d4 Nf6 2.c4 e6 3.Nf3 c5 4.d5 exd5 5.cxd5 d6 6.Nc3 g6 7.Bf4 a6 8.a4 Bg7
9.e4 Bg4 10.Be2 Bxf3 11.Bxf3 O-O 12.O-O Qe7 13.Qb3 Nbd7 14.Rfe1 Rab8 15.Be2 Ne5
16.Qc2 Rfc8 17.Bg3 c4 18.f4 Ned7 19.Bf1 Nh5 20.a5 Nxg3 21.hxg3 Bd4+ 22.Kh1 Qf8  0-1

[Event "Halle (Women)"]
[Site "Halle"]
[Date "1987.??.??"]
[Round "5"]
[White "Eretova, Kveta"]
[Black "Prudnikova, Svetlana"]
[Result "1/2-1/2"]
[WhiteElo "2175"]
[BlackElo "2095"]

1.d4 Nf6 2.Nf3 e6 3.c4 c5 4.d5 exd5 5.cxd5 d6 6.Nc3 g6 7.e4 Bg7 8.Be2 O-O
9.O-O Re8 10.Nd2 Nbd7 11.f4 c4 12.e5 dxe5 13.Nxc4 Nb6 14.fxe5 Nfxd5 15.Nd6 Nxc3
16.bxc3 Rxe5 17.Nxf7 Qxd1 18.Bxd1 Rf5 19.Nh6+ Bxh6 20.Bxh6 Rxf1+ 21.Kxf1 Be6
22.Bb3 Kf7 23.Rd1 Rc8 24.Rd3 Bc4 25.Kf2 Ke6 26.Re3+ Kd6 27.Bf4+ Kd7 28.Rf3 Nd5
29.Be5 b5 30.Bd4 Ke6 31.Bxa7 Bxb3 32.axb3 Rxc3 33.Rxc3 Nxc3 34.Ke3 Kd5 35.Kf4 Ne2+
36.Kg5 Nd4 37.Kh6 Nxb3 38.Bf2 Nc5 39.Be1 Ke4 40.Kxh7 Kf5 41.g4+ Kg5 42.h4+ Kxg4
43.Kxg6 Nd3 44.Bd2  1/2-1/2

[Event "Hamburg HSV"]
[Site "Hamburg"]
[Date "1987.??.??"]
[Round "?"]
[White "Michaelsen, Nils"]
[Black "Stone, Raymond"]
[Result "1-0"]
[WhiteElo "2205"]
[BlackElo "2375"]

1.d4 Nf6 2.c4 c5 3.d5 e6 4.Nc3 exd5 5.cxd5 d6 6.Nf3 g6 7.Nd2 Bg7 8.Nc4 O-O
9.Bg5 h6 10.Bf4 Ne8 11.Qc1 Kh7 12.e4 Qe7 13.Bd3 Nd7 14.O-O b6 15.a4 Ba6 16.Re1 Bxc4
17.Bxc4 a6 18.Qd2 Nc7 19.Bg3 g5 20.Bf1 Rfe8 21.Rab1 Be5 22.Nd1 b5 23.Ne3 bxa4
24.Qa5 Nb5 25.Qxa4 Reb8 26.Qd1 Nd4 27.Nc4 Rb4 28.Nxe5 Nxe5 29.Qh5 Kg7 30.f4 gxf4
31.Bxf4 Qf6 32.Be3 Qg6 33.Qxg6+ fxg6 34.Red1 a5 35.Bd2 Rb3 36.Bc3 a4 37.Ra1 Nc2
38.Ra2  1-0

[Event "Hamburg HSV"]
[Site "Hamburg"]
[Date "1987.??.??"]
[Round "?"]
[White "Wegner, Hannu"]
[Black "Schneider, Attila"]
[Result "1-0"]
[WhiteElo "2370"]
[BlackElo "2410"]

1.d4 Nf6 2.Nf3 e6 3.c4 c5 4.d5 exd5 5.cxd5 d6 6.Nc3 g6 7.Bf4 Bg7 8.Qa4+ Bd7
9.Qb3 Qc7 10.e4 O-O 11.Nd2 Nh5 12.Be3 f5 13.exf5 gxf5 14.Be2 Be8 15.Nf3 h6
16.O-O a6 17.a4 Nd7 18.Rfe1 Rb8 19.Qd1 Qd8 20.Bc1 Qf6 21.a5 Bf7 22.Ra4 Rbe8
23.Rh4 Re7 24.g3 Rfe8 25.Bf1 Rxe1 26.Nxe1 Qg6 27.Be2 Nhf6 28.Ng2 Ne4 29.Qc2 Nxc3
30.bxc3 Qf6 31.c4 Qa1 32.Ne3 Bd4 33.Kg2 Qxa5 34.Rxh6 Qe1 35.Bh5 Ne5 36.Qxf5 Qxc1
37.Qg5+ Ng6 38.Bxg6 Bg7 39.Bxf7+ Kxf7 40.Qh5+ Kf8 41.Re6  1-0

[Event "Hameln Voba"]
[Site "Hameln"]
[Date "1987.??.??"]
[Round "?"]
[White "Meyer, Peter"]
[Black "Horvath, Tamas"]
[Result "0-1"]
[WhiteElo "2300"]
[BlackElo "2385"]

1.d4 Nf6 2.Nf3 e6 3.c4 c5 4.d5 exd5 5.cxd5 d6 6.Nc3 g6 7.Bf4 Bg7 8.Qa4+ Bd7
9.Qb3 b5 10.e3 c4 11.Qc2 O-O 12.Be2 Na6 13.O-O Re8 14.a4 bxa4 15.Bxc4 Nc5
16.Nd4 Qb6 17.Ncb5 Nfe4 18.f3 a6 19.Nc3 Nf6 20.Nc6 Bxc6 21.dxc6 Qxc6 22.e4 Rac8
23.Rad1 Ncxe4 24.Bxf7+ Kxf7 25.fxe4 Kg8 26.Qxa4 Nxe4 27.Qxc6 Rxc6 28.Nd5 Bxb2
29.Rfe1 Rcc8 30.Nb6 Rcd8 31.Re2 Ba3 32.Nd5 Bc5+ 33.Kf1 Kf7 34.Nc7 Nc3 35.Rxe8 Rxe8
36.Rd3 Rc8 37.Nxa6 Ne4 38.Nxc5 dxc5 39.Rd7+ Ke6 40.Rxh7 Rf8 41.g3 g5 42.Ke2 gxf4
43.gxf4 Rxf4 44.Ke3 Nf6 45.Rc7 Nd5+  0-1

[Event "POL-chT"]
[Site "Jachranka"]
[Date "1987.??.??"]
[Round "7"]
[White "Szymczak, Zbigniew"]
[Black "Rosiak, Andrzej"]
[Result "1/2-1/2"]
[WhiteElo "2390"]
[BlackElo "2345"]

1.d4 Nf6 2.c4 c5 3.d5 e6 4.Nc3 exd5 5.cxd5 d6 6.Nf3 g6 7.Bf4 a6 8.a4 Qe7
9.h3 Nbd7 10.Nd2 Ne5 11.e4 Bg7 12.Be2 O-O 13.O-O Nfd7 14.Bg3 g5 15.Re1 Ng6
16.Bg4 Nde5 17.Bxc8 Raxc8 18.Nf1 f5 19.exf5 Rxf5 20.Ne3 Rf7 21.Ng4 Rcf8 22.Nxe5 Bxe5
23.Bxe5 Nxe5 24.Ne4 Rg7 25.Ra3 g4 26.hxg4 Nxg4 27.Rf3 Rxf3 28.Qxf3 Qe5 29.Qg3 Qxg3
30.Nxg3 Ne5 31.Kf1 Nc4 32.Re8+ Kf7 33.Rb8 Kg6 34.Rd8 Re7  1/2-1/2

[Event "Jakarta zt"]
[Site "Jakarta"]
[Date "1987.??.??"]
[Round "?"]
[White "Li Zunian"]
[Black "Chan Peng Kong"]
[Result "1-0"]
[WhiteElo "2450"]
[BlackElo "2260"]

1.d4 Nf6 2.c4 e6 3.Nf3 c5 4.d5 exd5 5.cxd5 d6 6.Nc3 g6 7.Bf4 a6 8.a4 Bg7
9.e4 O-O 10.Nd2 Re8 11.Be2 Qe7 12.O-O Nbd7 13.Re1 Ne5 14.h3 Rb8 15.Be3 c4
16.Nxc4 Nxe4 17.Nxe4 Nxc4 18.Bxc4 Qxe4 19.Bd2  1-0

[Event "Kecskemet"]
[Site "Kecskemet"]
[Date "1987.??.??"]
[Round "?"]
[White "Groszpeter, Attila"]
[Black "Gobet, Fernand"]
[Result "1-0"]
[WhiteElo "2505"]
[BlackElo "2355"]

1.d4 Nf6 2.c4 e6 3.Nf3 c5 4.d5 exd5 5.cxd5 d6 6.Nc3 g6 7.Bg5 Bg7 8.e3 h6
9.Bh4 O-O 10.Nd2 a6 11.a4 Nbd7 12.Be2 Qc7 13.O-O Re8 14.Qc2 Ne5 15.h3 g5
16.Bg3 Qe7 17.Rae1 g4 18.Bxe5 Qxe5 19.Nc4 Qe7 20.hxg4 Bxg4 21.Bd3 b5 22.axb5 axb5
23.Nxb5 Nxd5 24.Nbxd6 Nb4 25.Bh7+ Kh8 26.Qe4 Qd7 27.Nxe8 Rxe8 28.Qb1 Qd5
29.b3 Bf3 30.Qf5 Bxg2 31.Qxd5 Bxd5 32.Bf5 Rg8 33.Kh2 Nc6 34.f4 Bc3 35.Rc1 Bxc4
36.bxc4 Bd2 37.Rcd1 Bxe3 38.Be4 Ne7 39.Rd7 Re8 40.Rf3 Bd4 41.Ra3 Ng8 42.Bd5 Nf6
43.Rxf7 Ng4+ 44.Kg3 Nf6 45.Ra6 Rg8+ 46.Kf3 Ng4 47.Rh7+ Kxh7 48.Bxg8+ Kxg8
49.Kxg4 Kg7 50.Kf5  1-0

[Event "NOR-ch"]
[Site "Kristiansand"]
[Date "1987.??.??"]
[Round "?"]
[White "Ogaard, Leif"]
[Black "Tisdall, Jonathan D"]
[Result "1/2-1/2"]
[WhiteElo "2435"]
[BlackElo "2450"]

1.d4 Nf6 2.c4 e6 3.Nf3 c5 4.d5 exd5 5.cxd5 d6 6.Nc3 g6 7.e4 Bg7 8.Be2 O-O
9.O-O Re8 10.Nd2 Na6 11.f3 Nc7 12.a4 b6 13.Kh1 Rb8 14.Bb5 Rf8 15.Bc6 a6 16.Rb1 b5
17.b4 c4 18.Bb2 Bd7 19.Bxd7 Nxd7 20.a5 Ne5 21.Ne2 Nd3 22.Bxg7 Kxg7 23.Nd4 Qf6
24.Nc6 Rbe8 25.Nb3 Qc3 26.Nc1 f5 27.Nxd3 Qxd3 28.Qc1 fxe4 29.Rd1 Nxd5 30.Rxd3 exd3
31.Nd4 Rf4 32.Nb3 c3 33.h3 Rxb4 34.Kh2 Rxb3 35.Rxb3 d2 36.Qc2 Re1 37.Rb1 b4
38.Qd3 Rxb1 39.Qxb1 Ne3 40.Qe4 d1=Q  1/2-1/2

[Event "URS-FL"]
[Site "Kursk"]
[Date "1987.??.??"]
[Round "?"]
[White "Melnikov, A."]
[Black "Ulibin, Mikhail"]
[Result "1/2-1/2"]
[WhiteElo "2335"]
[BlackElo "2240"]

1.d4 e6 2.c4 Nf6 3.Nf3 c5 4.d5 exd5 5.cxd5 d6 6.Nc3 g6 7.g3 Bg7 8.Bg2 O-O
9.O-O a6 10.a4 Nbd7 11.Nd2 Rb8 12.Nc4 Ne8 13.a5 Ne5 14.Nb6 Nd7 15.Nxc8 Rxc8
16.Bd2 Nc7 17.Qa4 Rb8 18.Rab1 b5 19.axb6 Nxb6 20.Qa2  1/2-1/2

[Event "London Peace"]
[Site "London"]
[Date "1987.??.??"]
[Round "?"]
[White "Braga, Fernando"]
[Black "Manor, Ilan"]
[Result "1-0"]
[WhiteElo "2420"]
[BlackElo "2375"]

1.d4 Nf6 2.c4 c5 3.d5 e6 4.Nc3 exd5 5.cxd5 d6 6.Nf3 g6 7.Bf4 a6 8.e4 Qe7
9.Be2 Nbd7 10.O-O Bg7 11.Nd2 O-O 12.Nc4 Nxe4 13.Nxe4 Qxe4 14.Bxd6 Re8 15.Re1 b5
16.Bf3 Qxe1+ 17.Qxe1 Rxe1+ 18.Rxe1 Bd4 19.Re8+ Kg7 20.Na5 Bxb2 21.Bc7 Nf6
22.Rd8 c4 23.Kf1 c3 24.Be5 Ba3 25.Ke1 Be7 26.Re8 Bd6 27.Bg4 Bb4 28.Bxf6+ Kxf6
29.Nc6 Bxg4 30.Rxa8 Bd6 31.f3 Bf5 32.Ke2 Bxh2 33.Rxa6 Bc8 34.Ra8 Be6 35.Ra7 Bd6
36.Nd4 Bc5 37.Ra6 Ke5 38.Nxe6 fxe6 39.Ra5  1-0

[Event "USA-op"]
[Site "Los Angeles"]
[Date "1987.??.??"]
[Round "2"]
[White "Van Buskirk, Charles"]
[Black "Gurevich, Dmitry"]
[Result "0-1"]
[WhiteElo "2300"]
[BlackElo "2545"]

1.d4 Nf6 2.c4 e6 3.Nf3 c5 4.d5 exd5 5.cxd5 d6 6.Nc3 g6 7.Bf4 a6 8.a4 Bg7
9.e4 Bg4 10.Be2 Bxf3 11.Bxf3 O-O 12.O-O Qe7 13.Qc2 Nbd7 14.h3 Rab8 15.a5 Rfe8
16.Ra4 h5 17.Rb1 Nh7 18.Qd2 Bf6 19.Be2 Ng5 20.f3 Nh7 21.Be3 Be5 22.f4 Bxc3
23.bxc3 b5 24.axb6 Nxb6 25.Rxa6 Nc4 26.Bxc4 Rxb1+ 27.Kh2 Nf6 28.e5 Ng4+ 29.Kg3 Nxe5
30.fxe5 h4+ 31.Kf2 Qxe5 32.Bf4 Rb2 33.Bxe5 Rxd2+ 34.Kf3 dxe5 35.d6 Rd8 36.Ra7 R2xd6
37.Rxf7 Rf8 38.Rxf8+ Kxf8  0-1

[Event "Malmo"]
[Site "Malmo"]
[Date "1987.??.??"]
[Round "?"]
[White "Balashov, Yuri S"]
[Black "Garcia Palermo, Carlos"]
[Result "1/2-1/2"]
[WhiteElo "2550"]
[BlackElo "2520"]

1.d4 Nf6 2.c4 c5 3.d5 e6 4.Nc3 exd5 5.cxd5 d6 6.Nf3 g6 7.Bg5 Bg7 8.e3 O-O
9.Nd2 h6 10.Bh4 Na6 11.Nc4 Nc7 12.a4 b6 13.Bd3 Ba6 14.O-O Qd7 15.e4 Bxc4
16.Bxc4 a6 17.Re1 b5 18.e5 dxe5 19.Bxf6 Bxf6 20.axb5 axb5 21.Rxa8 Rxa8 22.d6 bxc4
23.dxc7 Qxc7 24.Nd5 Qd8 25.Nxf6+ Qxf6 26.Qd5 Rb8 27.Qxc4 Qd6 28.Qe2 Qd4 29.Qxe5 Qxe5
30.Rxe5 Rxb2 31.h4 Rc2 32.g4 Rc4 33.f3 Rc2 34.h5 g5 35.Kf1 Kg7 36.Ke1 Kf6
37.Rf5+ Ke6 38.Kd1 Rc4 39.Ke2 f6 40.Ke3 Rc3+ 41.Ke2 Rc2+ 42.Kd3 Rc1 43.Kd2 Rc4
44.Ke3 Rc3+ 45.Ke2 Kf7 46.Kd2 Ra3 47.Ke2 Ra5 48.Ke3 Ke6 49.Ke2 Ra2+ 50.Ke3 Ra3+
51.Ke2 Ra5 52.Ke3 Ra3+ 53.Ke2 c4 54.Rc5 Rc3 55.Kf2 Kd6  1/2-1/2

[Event "Medellin"]
[Site "Medellin"]
[Date "1987.??.??"]
[Round "?"]
[White "Baquero, Luis A"]
[Black "Garcia Gonzales, Guillermo"]
[Result "1-0"]
[WhiteElo "2240"]
[BlackElo "2495"]

1.d4 Nf6 2.c4 e6 3.Nf3 c5 4.d5 exd5 5.cxd5 d6 6.Nc3 g6 7.g3 Bg7 8.Bg2 O-O
9.O-O Re8 10.a4 Na6 11.Nd2 Nd7 12.h3 Nb4 13.Nde4 Nf6 14.Bg5 Bf5 15.g4 Bxe4
16.Nxe4 h6 17.Bxf6 Bxf6 18.Nxf6+ Qxf6 19.Qd2 Re7 20.a5 Rae8 21.e4 Qh4 22.Ra3 h5
23.g5 f6 24.gxf6 Qxf6 25.Rg3 Kh7 26.Kh1 Qh4 27.Kh2 Qf6 28.f4 Qd4 29.Qxd4 cxd4
30.Rc1 Na6 31.b4 Rf7 32.e5 dxe5 33.Be4 Rg7 34.Rcg1 Reg8 35.fxe5 Nxb4 36.e6 d3
37.d6 d2 38.Rd1 Nc6 39.Bxc6 bxc6 40.Rxd2 Rd8 41.Re3  1-0

[Event "Moscow-A"]
[Site "Moscow"]
[Date "1987.??.??"]
[Round "?"]
[White "Lerner, Konstantin Z"]
[Black "Ionescu, Constantin"]
[Result "1-0"]
[WhiteElo "2555"]
[BlackElo "2520"]

1.d4 Nf6 2.Nf3 e6 3.c4 c5 4.d5 exd5 5.cxd5 d6 6.Nc3 g6 7.Bg5 Bg7 8.e3 h6
9.Bh4 g5 10.Bg3 Nh5 11.Bb5+ Kf8 12.Be2 Nxg3 13.hxg3 f5 14.Nd2 Nd7 15.Qc2 Ne5
16.f4 gxf4 17.gxf4 Nf7 18.Kf2 Bd7 19.Rh5 Qe7 20.Bd3 Re8 21.Re1 Rg8 22.Nf3 a6
23.Bxf5 b5 24.Nh4 Bxc3 25.bxc3 Bxf5 26.Qxf5 Qe4 27.Qf6 Rg4 28.Rf5  1-0